|
|
|
|
| LEADER |
01232nam a22003257a 4500 |
| 001 |
mzk03001226273 |
| 003 |
CZ BrMZK |
| 005 |
20160713142028.0 |
| 007 |
ta |
| 008 |
050310s1754 au a fr|||||00| ||latod |
| 040 |
|
|
|a BOA001
|b cze
|c BOA001
|
| 072 |
|
7 |
|a 094
|x Staré tisky
|2 Konspekt
|9 12
|
| 080 |
|
|
|a (0.068)094
|2 MRF
|
| 100 |
1 |
|
|a Khell von Khellburg, Josef,
|d 1714-1772
|7 ola2007364176
|4 aut
|
| 245 |
1 |
0 |
|a Physica ex recentiorum observationibus accommodata.
|n Tomus I. /
|c Usibus Academicis a Josepho Khell, Societatis Jesu Sacerdote
|
| 250 |
|
|
|a Editio altera
|
| 260 |
|
|
|a Viennae Austriae :
|b Ex officina Trattneriana,
|c 1754
|
| 300 |
|
|
|a XX, 545, [18] s., XIV příl. ;
|c 4°
|
| 500 |
|
|
|a Výzdoba: Nad impresem rakouský znak, vlys, viněty, mědirytinové přílohy
|
| 501 |
|
|
|a Obsahuje: Přívazek stejného titulu 2. díl
|
| 561 |
|
|
|a Provenience: Ad usum Fris Hermanni Schaues
|
| 655 |
|
7 |
|a staré tisky
|7 fd422076
|2 czenas
|
| 903 |
|
|
|a RP
|
| 910 |
|
|
|a BOE452
|b Mn
|
| 978 |
|
|
|b Trattner, Johann Thomas von
|a Wien
|c 1754
|
| 984 |
|
|
|a Vídeň
|b Rakousko
|
| 985 |
|
|
|a 1751-1800
|
| 990 |
|
|
|a BK
|
| 991 |
|
|
|k minorite
|
| 994 |
|
|
|a DN
|l MZK03
|b 001226274
|m záznam 1. díla (pro objednání pokračujte kliknutím)
|n přívazek
|